000 00867cam a2200241 4500
008 000000n2002 000 0 eng u
020 _a1860815804
035 _a(Sirsi) u119813
041 _aeng
050 _a693.7
100 _aWard, T.
110 _aBuilding Research Establishment
245 _aMetal cladding: assessing the thermal performance of built-up systems which use 'Z' spacers
260 _aLondon
_bCRC Ltd
_c2002
300 _a8p.
_bill.
_c30cm.
490 _aBRE Information Paper
_v10/02
520 _aDescribes a method for determining the thermal performance of insulated double-skin metal roof and wall systems used in the UK that incorporate 'Z' spacers. SUPERSEDES IP 5/98 (1860812015)
650 _aU-VALUES
650 _aCLADDINGS
650 _aTHERMAL PERFORMANCE
690 _aBUILDING AND CONSTRUCTION-ENERGY
942 _n0
999 _c102409
_d102409